| 000 | 00407nam a2200181Ia 4500 | ||
|---|---|---|---|
| 001 | 15756 | ||
| 005 | 20260306170219.0 | ||
| 008 | 260306t1999||||xx |||||||||||||| ||und|| | ||
| 041 | _aESP | ||
| 082 |
_a620 _bG15 |
||
| 100 |
_aGallegos, Héctor _eAUT |
||
| 245 | 0 | _aLa ingeniería | |
| 260 | _c1999 | ||
| 300 |
_a482 páginas : _c20 cm. |
||
| 650 | _aGEN | ||
| 654 | _aCII | ||
| 942 |
_cLIB _dJUS _fJUS _2ddc _n |
||
| 999 |
_c15756 _d15756 |
||